Orationvm Ex Historicis Tam Veteribvs Qvam Recentioribvs, In Eloqventiae Stvdiosorum gratiam, secundum tria causarum genera, & res his conuenientes tres in partes ita congestarum ac digestarum: vt singularum perischai extent: argumenta docentia, conciliantia, mouentia, vnà cum collocatione, locis communibus atque sententijs, vsu denique deprehendantur Pars Prima Generis deliberatiui materias continens, ﮟ varias Deliberationes, Svasiones, Dissvasiones, Adhortationes, Dehortationes, Commendationes, Petitiones, Consolationes‪

Bibliographic Details
Main Author: Junius, Melchior st., 1545-1604 (Author, Dedicator)
Corporate Author: Zetzner, Lazare (Štrasburg, Francúzsko) (Printer)
Other Authors: Zetzner, Lazare, 1551-1616 (tprt)
Format: Book
Language:Latin
PhysicalDescription:[16], 322, [24] s. 18 cm
Published: Argentinae Impensis Lazari Zetzneri CI) I) XCIIX. [1598]

MARC

LEADER 00000cam a2200000 a 4500
001 vtls001514853
003 SK-MaSNL
005 20260302073824.0
008 240314s1598 fr a 1 lat
015 |a SNBHFA1598 
035 |a 5A3F1F3A-838D-4704-9A8A-9055E1C1E6CF 
035 |a urn:nbn:sk:snk-amybs5 
035 |a urn:nbn:sk:snk-am00caeh 
040 |a SNKHF  |b slo  |c SNK  |e AACR2 
041 |a lat 
044 |a fr  |c FR 
100 1 |a Junius, Melchior st.,  |d 1545-1604  |4 aut  |9 128534 
245 1 0 |a Orationvm Ex Historicis Tam Veteribvs  |b Qvam Recentioribvs, In Eloqventiae Stvdiosorum gratiam, secundum tria causarum genera, & res his conuenientes tres in partes ita congestarum ac digestarum: vt singularum perischai extent: argumenta docentia, conciliantia, mouentia, vnà cum collocatione, locis communibus atque sententijs, vsu denique deprehendantur  |n Pars Prima  |p Generis deliberatiui materias continens, ﮟ varias Deliberationes, Svasiones, Dissvasiones, Adhortationes, Dehortationes, Commendationes, Petitiones, Consolationes‪  |c Avtore Melchiore Ivnio VVitebergensi: Eloquentiae Argentinensi in Academia Professore. Adiecti sunt cuiq; parti indices cùm Orationum, tùm rerum ac verborum locupletissimi 
260 |a Argentinae  |b Impensis Lazari Zetzneri  |c CI) I) XCIIX. [1598] 
300 |a [16], 322, [24] s.  |c 18 cm 
500 |a Signet, vinety, linky, iniciálky s ornamentálnym pozadím vo voľnom priestore na 4 - 6 r., kustódy 
501 |a Príväzok 1.: Junius, Melchior st.: Orationvm. Argentinae : Impensis Lazari Zetzneri, CI) I) XCIIX. [1598].  |5 SNK ID 99505, prív. 1 
501 |a Príväzok 2.: Junius, Melchior st.: Orationvm. Argentinae : Impensis Lazari Zetzneri, CI) I) XCIIX. [1598].  |5 SNK ID 99505, prív. 21 
508 |a Ded.: Ungnad, Andreas; Junius, Melchior st. 
510 4 |a VD 16 J/1139 
561 |a Rkp. Illustri ac Generoso Domino D. Dauidi Vngnadio: L. Baroni in Sonneg ac Bleiburg ec. S. Caes: Maiest: Consiliario, ac bellici consilij supmo praefecto: Domino suo clementi uiuit, debita animi obseruantia, autor Melchior Junius, Eloquentiae Argetinensi in Acad: professor.  |5 SNK ID 99505 
561 |a Z knižnice Antona Augustína Baníka.  |5 SNK ID 99505 
563 |a Väzba pôvodná, pergamenová, zlomok stredovekého iluminovaného kódexu, chrbát a nárožnice kožené.  |5 SNK ID 99505 
700 1 |a Junius, Melchior st.,  |d 1545-1604  |4 dto  |4 fmo  |9 128534 
700 1 |a Ungnad, Anreas  |4 hnr  |9 738691 
700 1 |a Zetzner, Lazare,  |d 1551-1616  |4 tprt  |9 179885 
710 0 |a Zetzner, Lazare (Štrasburg, Francúzsko),  |d 1585-1616  |4 prt  |9 52575 
752 |a Francúzsko  |d Strasbourg 
852 |a snk  |b Baníkova knižnica  |p ID 99505 
958 |a ONDV 
999 |c 1162571  |d 1164501 
952 |t Bk 101  |a SNK  |b SNK  |c SNK_HF  |y PREZ  |7 0  |p 17A1129585  |o snkID 99505  |i snk2016/27983  |8 5  |0 0  |1 0  |4 0  |d 2005-04-08  |f 1  |l 0  |r 2026-02-24 20:38:21  |w 2026-02-24